Statistics for 100 rock bands by song title

Click here to take the quiz!

General Stats

  • This quiz has been taken 14,976 times
    (14,720 since last reset)
  • The average score is 43 of 100

Answer Stats

HintAnswer% Correct
Bohemian rhapsodyQueen
99%
Livin' on a prayerBon Jovi
93%
Smells like teen spiritNirvana
92%
Enter sandmanMetallica
90%
Yellow submarineThe Beatles
90%
Hotel CaliforniaThe Eagles
90%
Another brick in the wallPink floyd
89%
ThunderstruckAC/DC
88%
Stairway to HeavenLed Zeppelin
84%
(I can't get no) SatisfactionRolling stones
84%
American idiotGreenday
82%
Smoke on the waterDeep purple
79%
November rainGuns'n Roses
79%
WonderwallOasis
78%
Jailhouse rockElvis Presley
77%
AfricaToto
76%
Born in the U.S.A.Bruce Springsteen
74%
Final countdownEurope
74%
Every breath you takeThe Police
74%
Dream onAerosmith
73%
ImagineJohn Lennon
73%
Viva la vidaColdplay
68%
Under the bridgeRed hot chili peppers
66%
Pour some sugar on meDef leppard
63%
Summer of 69Bryan Adams
62%
Eye of the tigerSurvivor
62%
Sunday bloody sundayU2
61%
ZombieCranberries
60%
Rock you like a hurricaneScorpions
60%
Light my fireThe doors
59%
Uptown girlBilly Joel
58%
Hot for teacherVan Halen
57%
The TrooperIron Maiden
55%
Money for nothingDire straits
53%
Carry on a wayward sonKansas
53%
Let's DanceDavid Bowie
52%
Tears in HeavenEric Clapton
52%
Behind blue eyesThe Who
52%
Crocodile rockElton John
51%
Girls, girls, girlsMötley Crüe
51%
Everybody hurtsR.E.M.
50%
Mrs. RobinsonSimon & Garfunkel
50%
In the endLinkin park
49%
We're not gonna take itTwisted sister
49%
Born to be wildSteppenwolf
46%
Breaking the lawJudas priest
45%
California girlsBeach boys
44%
Heaven and HellBlack sabbath
43%
Bring me to lifeEvanescence
41%
Holy DiverRonnie James Dio
41%
The boys are back in townThin Lizzy
41%
Pretty fly (For a white guy)The Offspring
40%
Heavens on fireKISS
39%
Gimme All Your Lovin'ZZ Top
38%
A boy named sueJohnny Cash
36%
Dancing with myselfBilly Idol
35%
Symphony of destructionMegadeth
33%
Open armsJourney
32%
Unskinny BopPoison
32%
Raining bloodSlayer
32%
Invisible touchGenesis
31%
Cherry pieWarrant
31%
Up around the bendCreedence clearwater revival
30%
The beautiful peopleMarilyn Manson
29%
Feuer Frei!Rammstein
28%
Peace of mindBoston
27%
Round and roundRatt
24%
Shot in the darkOzzy Osbourne
23%
Fool for your lovingWhitesnake
23%
Beds are burningMidnight oil
22%
Don't let me be misunderstoodThe Animals
22%
Bang your headQuiet riot
21%
Hard rock HallelujahLordi
20%
Bed of nailsAlice Cooper
19%
Youth gone wildSkid row
19%
HypnotizeSystem of a down
18%
In the army nowStatus Quo
17%
IndiansAnthrax
15%
Sister ChristianNight ranger
15%
StargazerRainbow
15%
Don't know what you got (till it's gone)Cinderella
14%
Hocus pocusFocus
14%
Pull me underDream theater
12%
Kiss me deadlyLita Ford
12%
Silent lucidityQueensryche
12%
Easy livin'Uriah heep
10%
I wanna be somebodyWASP
10%
Dream warriorsDokken
9%
When the children cryWhite lion
9%
To Hell with the DevilStryper
8%
Warriors of the worldManowar
7%
Future worldHelloween
6%
Bless the childNightwish
6%
Don't treat me badFirehouse
5%
Don't you ever leave meHanoi rocks
5%
Can't get enuffWinger
5%
Psychedelic Super JesusBride
4%
Hearts on fireHammerfall
4%
Everybody loves EileenSteelheart
3%
LeningradLeningrad Cowboys
2%

Score Distribution

Percentile by Number Answered

Percent of People with Each Score

Your Score History

You have not taken this quiz since the last reset